|
|
|
|
| LEADER |
02023pam a22004577a 4500 |
| 001 |
AALTaylor&Francisebook000002 |
| 003 |
BD-DhAAL |
| 005 |
20230911114324.0 |
| 006 |
m||||||||d|||||||| |
| 007 |
cr|||||||||||| |
| 008 |
180331s1995 enk ob 001 0 eng d |
| 020 |
|
|
|a 9780203006795
|
| 020 |
|
|
|a 9781134812691
|
| 020 |
|
|
|a 9781134812738
|
| 020 |
|
|
|a 9781134812745
|
| 020 |
|
|
|z 9781138172807
|
| 020 |
|
|
|z 9780415119474
|
| 024 |
7 |
|
|a 10.4324/9780203006795
|2 doi
|
| 035 |
|
|
|a (OCoLC)559742340
|
| 040 |
|
|
|a BD-DhAAL
|c BD-DhAAL
|
| 050 |
|
4 |
|a B105.A8
|b G65 1995
|
| 082 |
0 |
4 |
|a 179.9
|
| 100 |
1 |
|
|a Golomb, Jacob.,
|e author.
|9 40992
|
| 245 |
1 |
0 |
|a In search of authenticity
|h [electronic resource] :
|b from Kierkegaard to Camus /
|c Jacob Golomb.
|
| 260 |
|
|
|a London ;
|a New York :
|b Routledge,
|c 1995.
|
| 300 |
|
|
|a 1 online resource (219 pages)
|
| 490 |
1 |
|
|a Problems of modern European thought
|
| 500 |
|
|
|a Off-Campus Access: Athens ID and Password Required
|
| 500 |
|
|
|a On-Campus Access: No User ID or Password Required
|
| 504 |
|
|
|a Includes bibliographical references (pages 207-211) and index.
|
| 505 |
0 |
|
|a 1. Authenticity, sincerity and honesty -- 2. Authenticity, literature and irony -- 3. Kierkegaard's ironic ladder to authentic faith -- 4. Nietzsche's pathos of authenticity -- 5. Heidegger's ontology of authenticity -- 6. Sartre : from phenomenological ontology to psychoanalysis and politics -- 7. Camus's return to authentic human morality.
|
| 538 |
|
|
|a Mode of access: Internet
|
| 650 |
|
0 |
|a Authenticity (Philosophy)
|9 40993
|
| 650 |
|
0 |
|a Existential ethics.
|9 40994
|
| 655 |
|
|
|a Electronic books.
|
| 830 |
|
0 |
|a Problems of modern European thought.
|9 40995
|
| 852 |
|
|
|a Ayesha Abed Library
|
| 856 |
4 |
0 |
|z Full text available on Taylor & Francis
|u https://www.taylorfrancis.com/books/9781134812745
|
| 942 |
|
|
|2 ddc
|c EBK
|
| 999 |
|
|
|c 43215
|d 43215
|
| 952 |
|
|
|0 0
|1 0
|2 ddc
|4 0
|6 179_900000000000000_GOL
|7 0
|9 69299
|a BRACUL
|b BRACUL
|d 2021-03-03
|l 0
|o 179.9 GOL
|r 2021-03-03
|t 1
|w 2021-03-03
|y EBK
|